High School Musical Songs by Lyrics #1 - Statistics

General Stats
  • This quiz has been taken 200 times
    198 since last reset
  • The average score is 4 of 7
Answer Stats
Hint Answer % Correct
Coach said to fake right and break left - Watch out for the pick keep an eye on defense Get'cha Head in The Game
86%
Once we know that we are who we are -Hand in hand make are dreams come true We're All in This Together
82%
This is the last chance to get it right - Work together Now or Never
71%
Did you ever fall and think you couldn't get up? -Did you ever... Bet on It
64%
I thought you were my fairy tale my dream when i'm not sleeping When There Was Me and You
61%
Slip and slide and ride that rhythm Bop to The Top
58%
So much has happened think of what we've done in the time that the earth has traveled round the sun I Think A Kinda You Know
3%
No matching quizzes found
Score Distribution
Percent of People with Each Score
Percentile by Number Answered
Your Score History
You have not taken this quiz since the last reset